Statistics for Countries Most Similar to Antigua and Barbuda

Click here to take the quiz!

General Stats

  • This quiz has been taken 38 times
  • The average score is 5 of 6

Answer Stats

#CountryStarts withContinent% Correct
Area171 Antigua and BarbudaA|B|C|D|E|F|G|H|I|J|K|L|M|N|O|P|Q|R|S|T|U|V|W|X|Y|ZANorth America
100%
Population97,118 Antigua and BarbudaA|B|C|D|E|F|G|H|I|J|K|L|M|N|O|P|Q|R|S|T|U|V|W|X|Y|ZANorth America
100%
Area181AndorraAEurope
90%
Area177PalauPOceania
83%
Area170BarbadosBNorth America
77%
Area175SeychellesSAfrica
73%

Score Distribution

Percentile by Number Answered

Percent of People with Each Score

Your Score History

You have not taken this quiz